| 000 | 00803nam a22002177a 4500 | ||
|---|---|---|---|
| 003 | OSt | ||
| 005 | 20230224150403.0 | ||
| 008 | 220916b |||||||| |||| 00| 0 eng d | ||
| 040 | _cBiblioteca Lado V | ||
| 082 |
_a802.22 _bB732p |
||
| 100 |
_9756 _aBorges, Jorge Luis _eautor |
||
| 245 | _aLos Paraísos Perdidos/ | ||
| 260 |
_aCuba _bEdiciones Vigía _bColección del Estero _c1997 |
||
| 300 |
_a27p. _c18x26cm _bLIBRO INTERVENIDO ARTISTICAMENTE DESDE LA PORTADA |
||
| 650 |
_2Tesauro de Arte & Arquitectura _aLIBRO-ARTE |
||
| 650 |
_2Tesauro de Arte & Arquitectura _aPOESIA |
||
| 650 |
_2Tesauro de Arte & Arquitectura _aILUSTRADO |
||
| 650 |
_2Tesauro de Arte & Arquitectura _aLITERATURA |
||
| 651 |
_2Tesauro de Arte & Arquitectura _aCUBA |
||
| 942 |
_2ddc _c1 _h802.22 _iB732p _n0 |
||
| 999 |
_c3073 _d3073 |
||